Central Library OPAC University of Rajshahi

The Rule of law in the United States : (Record no. 5242)

MARC details
000 -LEADER
fixed length control field 01074cam a22002652 4500
001 - CONTROL NUMBER
control field 5242
003 - CONTROL NUMBER IDENTIFIER
rucl marc code BD-RJUL
005 - DATE AND TIME OF LATEST TRANSACTION
control field 20211208234033.0
008 - FIXED-LENGTH DATA ELEMENTS--GENERAL INFORMATION
fixed length control field 131224s1963 nyu b 000 0 eng d
035 ## - SYSTEM CONTROL NUMBER
System control number (BD-RJUL)5278
040 ## - CATALOGING SOURCE
Original cataloging agency INL
Transcribing agency INL
Modifying agency EQO
Language of cataloging eng
041 ## - LANGUAGE CODE
Language code of text/sound track or separate title eng
082 ## - DEWEY DECIMAL CLASSIFICATION NUMBER
Classification number 345
Author mark and year RUL 1963
245 04 - TITLE STATEMENT
Title The Rule of law in the United States :
Remainder of title a survey /
Statement of responsibility, etc. American Bar Association, Committee to Cooperate with the International Commission of Jurists.
260 ## - PUBLICATION, DISTRIBUTION, ETC. (IMPRINT)
Place of publication, distribution, etc. New York? :
Name of publisher, distributor, etc. American Bar Association, Section of International and Comparative Law,
Date of publication, distribution, etc. 1963?
300 ## - PHYSICAL DESCRIPTION
Pagination 184 p. ;
Illustrations 24 cm.
500 ## - GENERAL NOTE
General note Appendix contains the text of the survey form.
504 ## - BIBLIOGRAPHY, ETC. NOTE
Bibliography, etc Bibliography: p. 165-167.
526 ## - STUDY PROGRAM INFORMATION NOTE
Requested Dept. LAW
650 #0 - SUBJECT ADDED ENTRY--TOPICAL TERM
Topical term or geographic name as entry element Rule of law
Geographic subdivision United States.
9 (RLIN) 16481
710 2# - ADDED ENTRY--CORPORATE NAME
Corporate name or jurisdiction name as entry element American Bar Association.
Subordinate unit Committee to Cooperate with the International Commission of Jurists.
9 (RLIN) 16482
Corporate name or jurisdiction name as entry element International Commission of Jurists (1952- )
9 (RLIN) 13230
Corporate name or jurisdiction name as entry element American Bar Association.
Subordinate unit Section of International and Comparative Law.
9 (RLIN) 16483
942 ## - ADDED ENTRY ELEMENTS (KOHA)
Source of classification or shelving scheme Dewey Decimal Classification
Koha item type Books
Holdings
Lost status Source of classification or shelving scheme Damaged status Not for loan Collection code Permanent Location Current Location Shelving location Date acquired Source of acquisition Cost, normal purchase price Total Checkouts Full call number Date last seen Copy number Koha item type
  Dewey Decimal Classification     Non-fiction Central Library, University of Rajshahi Central Library, University of Rajshahi   07/07/1970 Swet Zeithing 10.00   345 RUL 1963 24/12/2013 C-2 Books
  Dewey Decimal Classification     Non-fiction Central Library, University of Rajshahi Central Library, University of Rajshahi   07/07/1970 Zeitlinger 10.00   345 RUL 1963 28/07/2016 C-3 Books
  Dewey Decimal Classification     Non-fiction Central Library, University of Rajshahi Central Library, University of Rajshahi   07/07/1970 Zeitlinger 10.00   345 RUL 1963 28/07/2016 C-4 Books